000 00300nam a22001337a 4500
008 171027b xxu||||| |||| 00| 0 eng d
020 _a025601390-X
041 _aeng
080 _a336
100 _a56
101 _aFIN
245 _aINTERNATIONAL MANAGERIAL FINANCE
_cWESTON,J.F
942 _2udc
_cBK
999 _c36100
_d36100